[Event "European Blitz 2017"]
[Site "Katowice POL"]
[Date "2017.12.15"]
[Round "15.59"]
[White "Polzin, Rainer"]
[Black "Masternak, Grzegorz"]
[Result "1-0"]
[WhiteTitle "GM"]
[BlackTitle "IM"]
[WhiteElo "2404"]
[BlackElo "2330"]
[WhiteFideId "4610741"]
[BlackFideId "1100505"]
[EventDate "2017.12.15"]
[EventType "blitz"]

1. e4 d6 2. d4 Nf6 3. Nc3 e5 4. Nf3 Nbd7 5. Bc4 Be7 6. a4 O-O 7. O-O c6 8. Re1
Qc7 9. b3 b6 10. Ba3 a6 11. dxe5 Nxe5 12. Be2 Bb7 13. Nd4 c5 14. Nf5 Nxe4 15.
Nxe7+ Qxe7 16. Nxe4 Bxe4 17. f3 Bb7 18. f4 Ng6 19. Bxa6 Qc7 20. Bxb7 Qxb7 21.
Qd2 d5 22. f5 Ne7 23. f6 Ng6 24. fxg7 Rfe8 25. Bb2 d4 26. c3 dxc3 27. Bxc3 Rad8
28. Rxe8+ Rxe8 29. Re1 Rxe1+ 30. Qxe1 Qd7 31. h3 h5 32. Qe3 h4 33. Qf3 f6 34.
Bxf6 Qe6 35. Qa8+ Kh7 36. Qh8+ Nxh8 37. gxh8=Q+ Kg6 38. Qg7+ Kf5 39. Qg5+ Ke4
40. Qxh4+ Kd3 41. Bd8 Qe3+ 1-0

[Event "European Blitz 2017"]
[Site "Katowice POL"]
[Date "2017.12.15"]
[Round "15.60"]
[White "Paszewski, Mateusz"]
[Black "Pultinevicius, Paulius"]
[Result "0-1"]
[WhiteTitle "FM"]
[BlackTitle "IM"]
[WhiteElo "2307"]
[BlackElo "2371"]
[WhiteFideId "1141058"]
[BlackFideId "12809390"]
[EventDate "2017.12.15"]
[EventType "blitz"]

1. e4 b6 2. d4 Bb7 3. Bd3 Nf6 4. Qe2 e6 5. Nf3 c5 6. dxc5 bxc5 7. Nc3 Be7 8. e5
Nd5 9. Nxd5 exd5 10. O-O O-O 11. c3 Re8 12. Re1 Nc6 13. Bf4 g6 14. Rad1 Bf8 15.
Ba6 Qb6 16. Bxb7 Qxb7 17. Qd2 d4 18. cxd4 cxd4 19. Nxd4 Bb4 20. Qd3 Bxe1 21.
Rxe1 Qxb2 22. Nxc6 dxc6 23. Qg3 Qb4 24. Rd1 Rad8 25. Rf1 Qa4 26. h4 Rd1 27. Rxd1
Qxd1+ 28. Kh2 Qh5 29. Bg5 h6 30. Bf6 Qf5 31. Kg1 Kh7 32. Qb3 Qd7 33. h5 c5 34.
hxg6+ fxg6 35. Qc3 Rc8 36. Qe3 Qe6 37. Qa3 Rc7 38. Qb2 c4 39. Qb8 Qc8 40. Qb2 c3
41. Qc2 Qf5 42. Qd1 c2 43. Qd8 c1=Q+ 44. Kh2 Qcf4+ 0-1

[Event "European Blitz 2017"]
[Site "Katowice POL"]
[Date "2017.12.15"]
[Round "15.61"]
[White "Valsecchi, Alessio"]
[Black "Bednarek, Sylwester"]
[Result "1-0"]
[WhiteTitle "IM"]
[BlackTitle "FM"]
[WhiteElo "2501"]
[BlackElo "2307"]
[WhiteFideId "818860"]
[BlackFideId "1101811"]
[EventDate "2017.12.15"]
[EventType "blitz"]

1. e4 e6 2. d4 d5 3. Nc3 Bb4 4. a3 Bxc3+ 5. bxc3 dxe4 6. f3 e5 7. Be3 Nc6 8. d5
Nce7 9. fxe4 Nf6 10. Bd3 Ng4 11. Bg5 f6 12. Bd2 c6 13. h3 Nh6 14. c4 Nf7 15. Nf3
c5 16. O-O O-O 17. a4 Nd6 18. Qe1 g5 19. a5 Ng6 20. Be3 Qc7 21. Qf2 Nf4 22. Kh2
g4 23. hxg4 Bxg4 24. Nh4 Nxd3 25. cxd3 b6 26. axb6 axb6 27. Rxa8 Rxa8 28. Qxf6
Nf7 29. Nf5 Bxf5 30. Rxf5 Qd8 31. Qxf7+ 1-0

[Event "European Blitz 2017"]
[Site "Katowice POL"]
[Date "2017.12.15"]
[Round "15.62"]
[White "Saraci, Nderim"]
[Black "Darmarakis, Mihail"]
[Result "1-0"]
[WhiteTitle "FM"]
[WhiteElo "2398"]
[BlackElo "2213"]
[WhiteFideId "6351921"]
[BlackFideId "4203720"]
[EventDate "2017.12.15"]
[EventType "blitz"]

1. d4 Nf6 2. Bf4 b6 3. e3 Bb7 4. Nd2 d6 5. h3 g6 6. Ngf3 Bg7 7. Bc4 O-O 8. Qe2
c5 9. c3 Nbd7 10. O-O Qc7 11. Rfe1 Bc6 12. Bb5 Rac8 13. a4 Ne4 14. Bxc6 Qxc6 15.
Qb5 Nxd2 16. Nxd2 e5 17. dxe5 dxe5 18. Bg3 Qe6 19. Qc4 Rfe8 20. Red1 Qc6 21. Ne4
Rcd8 22. Rd6 Qc7 23. Bh4 Rb8 24. Rad1 Nf8 25. Nf6+ Bxf6 26. Bxf6 Ne6 27. Bxe5
Qb7 28. Rd7 Qc6 29. Rxa7 Rbd8 30. Qe2 Rxd1+ 31. Qxd1 Rd8 32. Qf3 Rd5 33. Qf6 1-0

[Event "European Blitz 2017"]
[Site "Katowice POL"]
[Date "2017.12.15"]
[Round "15.63"]
[White "Reichmann, Hendrik"]
[Black "Barski, Radoslaw"]
[Result "1/2-1/2"]
[WhiteTitle "FM"]
[BlackTitle "IM"]
[WhiteElo "2337"]
[BlackElo "2452"]
[WhiteFideId "4647823"]
[BlackFideId "1131710"]
[EventDate "2017.12.15"]
[EventType "swiss"]

1. d4 Nf6 2. Bf4 e6 3. e3 c5 4. c3 Nc6 5. Nd2 d5 6. Ngf3 cxd4 7. exd4 Nh5 8. Bg3
Bd6 9. Bb5 Nxg3 10. hxg3 Qf6 11. Qe2 Bd7 12. Bxc6 bxc6 13. Ne5 Bxe5 14. dxe5 Qg6
15. Nf3 Rb8 16. O-O-O c5 17. Qe3 O-O 18. Qg5 Qxg5+ 19. Nxg5 h6 20. Ne4 Rfc8 21.
Nd2 Be8 22. Rh4 a5 23. a3 Rb7 24. Nf1 Rcb8 25. Rd2 Kf8 26. f4 Ke7 27. g4 Bc6 28.
Ne3 1/2-1/2

[Event "European Blitz 2017"]
[Site "Katowice POL"]
[Date "2017.12.15"]
[Round "15.64"]
[White "Rocha, Sergio"]
[Black "Tomaszewski, Kacper"]
[Result "1-0"]
[WhiteTitle "IM"]
[WhiteElo "2370"]
[BlackElo "2292"]
[WhiteFideId "1900404"]
[BlackFideId "1127373"]
[EventDate "2017.12.15"]
[EventType "blitz"]

1. Nf3 Nf6 2. c4 g6 3. Nc3 d5 4. cxd5 Nxd5 5. g3 Bg7 6. Bg2 O-O 7. O-O c5 8. Qa4
Nb6 9. Qh4 e6 10. Qxd8 Rxd8 11. d3 Nd5 12. Bg5 f6 13. Bd2 Nc6 14. Rac1 b6 15.
Rfd1 Bb7 16. Nb5 a6 17. Na3 Rac8 18. Nc4 b5 19. Ne3 Nd4 20. Nxd4 cxd4 21. Nxd5
Bxd5 22. Bxd5 exd5 23. Ba5 Re8 24. Kf1 Bh6 25. f4 Kf7 26. Bb6 Bf8 27. Bxd4 Bb4
28. Kf2 h5 29. Kf3 f5 30. Be5 Ke6 31. a3 Ba5 32. Bd4 Kd7 33. h3 Bc7 34. Rc5 1-0

[Event "European Blitz 2017"]
[Site "Katowice POL"]
[Date "2017.12.15"]
[Round "15.65"]
[White "Kantans, Toms"]
[Black "Dorokhin, Mykhailo"]
[Result "1-0"]
[WhiteTitle "GM"]
[WhiteElo "2484"]
[BlackElo "2243"]
[WhiteFideId "11602945"]
[BlackFideId "14114178"]
[EventDate "2017.12.15"]
[EventType "blitz"]

1. e4 c6 2. d4 d5 3. e5 Bf5 4. Nf3 e6 5. Be2 Ne7 6. O-O Bg6 7. Nbd2 Nf5 8. Nb3
Nd7 9. a4 Be7 10. a5 O-O 11. a6 b6 12. c3 Qc7 13. Re1 f6 14. exf6 Bxf6 15. Ng5
Rae8 16. Bh5 e5 17. Bxg6 hxg6 18. dxe5 Bxe5 19. Nf3 Bd6 20. Bg5 Nf6 21. Bxf6
gxf6 22. Qd3 Kg7 23. h4 Qd7 24. h5 g5 25. Nbd4 Nxd4 26. Nxd4 f5 27. Rxe8 Rxe8
28. Nxf5+ Kh8 29. Rd1 Bb8 30. g3 Qf7 31. Qf3 Re4 32. Nd4 Qxf3 33. Nxf3 Re2 34.
Rd2 Re4 35. Kg2 g4 36. Nd4 c5 37. Nc6 1-0

[Event "European Blitz 2017"]
[Site "Katowice POL"]
[Date "2017.12.15"]
[Round "15.66"]
[White "Piesik, Piotr"]
[Black "Mroziak, Maciej"]
[Result "0-1"]
[WhiteTitle "FM"]
[BlackTitle "IM"]
[WhiteElo "2374"]
[BlackElo "2397"]
[WhiteFideId "1136194"]
[BlackFideId "1139665"]
[EventDate "2017.12.15"]
[EventType "blitz"]

1. Nf3 Nc6 2. g3 e5 3. d3 d5 4. Bg2 Be6 5. O-O f6 6. e4 Nge7 7. Nc3 Qd7 8. Nh4
d4 9. Ne2 g5 10. Nf5 Nxf5 11. exf5 Bxf5 12. f4 gxf4 13. gxf4 O-O-O 14. Ng3 Bh3
15. f5 Bxg2 16. Kxg2 Bd6 17. Ne4 Qg7+ 18. Kh1 Rhg8 19. Qe2 Ne7 20. Bd2 Nd5 21.
Rg1 Qf7 22. a3 Nf4 23. Qf3 Qh5 24. Qxh5 Nxh5 25. Bh6 Be7 26. Rxg8 Rxg8 27. Rg1
Rxg1+ 28. Kxg1 Kd7 29. Kg2 Ke8 30. Kf3 Kf7 31. a4 a6 32. Nd2 Bf8 33. Bxf8 Kxf8
34. Ke4 Ke7 35. Kd5 Nf4+ 36. Kc5 Ng2 37. Ne4 Ne3 38. c3 Nxf5 39. a5 Nd6 40. Nd2
dxc3 41. bxc3 Ke6 42. Nf3 Nb5 43. Kc4 h6 44. d4 e4 45. Nd2 f5 46. Nf1 f4 47. Nd2
Kf5 48. Kd5 Nxc3+ 49. Kc4 Nb5 50. d5 f3 51. Nf1 Kf4 52. Kb3 e3 53. Ng3 e2 54.
Nh5+ Kg5 55. Ng7 e1=Q 56. Ne6+ Kf6 57. Nc5 Qc3+ 58. Ka4 Qa3# 0-1

[Event "European Blitz 2017"]
[Site "Katowice POL"]
[Date "2017.12.15"]
[Round "15.67"]
[White "Kaleta, Blazej"]
[Black "Piotrowski, Przemyslaw"]
[Result "1-0"]
[WhiteElo "2110"]
[BlackElo "2314"]
[WhiteFideId "1170252"]
[BlackFideId "1127063"]
[EventDate "2017.12.15"]
[EventType "swiss"]

1. d4 Nf6 2. c4 g6 3. Nc3 Bg7 4. e4 d6 5. Nf3 O-O 6. h3 e5 7. d5 Nh5 8. Qc2 f5
9. Bd3 f4 10. Bd2 g5 11. O-O-O a5 12. Kb1 Na6 13. a3 Bd7 14. Be2 Nc5 15. Nxe5
Bxe5 16. Bxh5 a4 17. Bg4 Nb3 18. Nb5 c6 19. Nc3 c5 20. Bxd7 Qxd7 21. Nb5 Rae8
22. Bc3 Bxc3 23. Nxc3 f3 24. g3 Re5 25. h4 g4 26. Qd3 Nd4 27. Rde1 Rb8 28. Re3
b5 29. cxb5 Nxb5 30. Nxb5 Rxb5 31. Rc1 Qb7 32. Qd2 h6 33. Rc4 Rb3 34. Rxb3 Qxb3
35. Qc2 Qb7 36. Qxa4 Qe7 37. Ka2 Qf7 38. Qb3 Qe7 39. Qe3 Qg7 40. Ra4 Re7 41.
Ra8+ Kh7 42. Ra6 Rb7 43. Qc3 Qxc3 44. bxc3 Re7 45. Ra4 Rb7 46. Rc4 Kg7 47. a4
Kf6 48. a5 Ke5 49. a6 Ra7 50. Ra4 c4 51. Ka3 Kxe4 52. Kb4 Kxd5 53. Ra5+ Ke4 54.
Kxc4 d5+ 55. Kb5 Kd3 56. Kb6 Ra8 57. Rxd5+ Ke2 58. Kb7 Rf8 59. a7 Kxf2 60. Rc5
Kxg3 1-0

[Event "European Blitz 2017"]
[Site "Katowice POL"]
[Date "2017.12.15"]
[Round "15.68"]
[White "Peterson, Emery"]
[Black "Dobrowolski, Piotr"]
[Result "0-1"]
[BlackTitle "IM"]
[WhiteElo "2168"]
[BlackElo "2421"]
[WhiteFideId "4610920"]
[BlackFideId "1106236"]
[EventDate "2017.12.15"]
[EventType "blitz"]

1. d4 Nf6 2. Nc3 d5 3. e4 Nxe4 4. Nxe4 dxe4 5. f3 e5 6. dxe5 Qxd1+ 7. Kxd1 Nc6
8. Bf4 Bf5 9. c3 O-O-O+ 10. Kc1 Bc5 11. Bb5 e3 12. Ne2 Rd2 13. Rd1 Rc2+ 0-1

[Event "European Blitz 2017"]
[Site "Katowice POL"]
[Date "2017.12.15"]
[Round "15.69"]
[White "Slabek, Grzegorz"]
[Black "Wiewiora, Eneasz"]
[Result "0-1"]
[BlackTitle "FM"]
[WhiteElo "1956"]
[BlackElo "2320"]
[WhiteFideId "1105531"]
[BlackFideId "1140396"]
[EventDate "2017.12.15"]
[EventType "blitz"]

1. Nf3 d6 2. d4 Nf6 3. e3 g6 4. Be2 Bg7 5. O-O O-O 6. b4 e5 7. Bb2 e4 8. Nfd2
Bf5 9. c4 h5 10. Nc3 Re8 11. d5 Nbd7 12. Nb3 Ne5 13. h3 Qd7 14. Nd4 Bxh3 15.
gxh3 Qxh3 16. Qc2 Neg4 17. Bxg4 Nxg4 18. f3 Nxe3 19. Qh2 Qxh2+ 20. Kxh2 Nxf1+
21. Rxf1 Bxd4 22. fxe4 Bxc3 23. Bxc3 Rxe4 24. c5 Rae8 25. cxd6 cxd6 26. Bf6 Rxb4
27. Rc1 Rb5 28. Rc7 Rxd5 29. Bd4 Rb5 30. Bxa7 g5 31. Rd7 Ra5 32. Bd4 Rxa2+ 0-1

[Event "European Blitz 2017"]
[Site "Katowice POL"]
[Date "2017.12.15"]
[Round "15.70"]
[White "Stauskas, Lukas"]
[Black "Vykouk, Jan"]
[Result "0-1"]
[BlackTitle "FM"]
[WhiteElo "2349"]
[BlackElo "2435"]
[WhiteFideId "12808148"]
[BlackFideId "349658"]
[EventDate "2017.12.15"]
[EventType "blitz"]

1. d4 Nf6 2. c4 c6 3. Nc3 d5 4. Nf3 e6 5. e3 a6 6. Qc2 c5 7. cxd5 exd5 8. Be2
Nc6 9. O-O Be6 10. Rd1 Rc8 11. a3 Be7 12. dxc5 Bxc5 13. b4 Ba7 14. Bb2 O-O 15.
Rac1 Qe7 16. Qb1 Rfd8 17. b5 Na5 18. bxa6 bxa6 19. Bxa6 Rb8 20. Qc2 Bg4 21. Ne2
Bxe3 22. fxe3 Qxe3+ 23. Kh1 Bxf3 24. gxf3 Qxf3+ 25. Kg1 Qe3+ 26. Kg2 Ne4 27. Ng3
Nxg3 28. hxg3 Rb6 29. Bd3 Nb3 30. Bxh7+ Kf8 31. Re1 Qg5 32. Rcd1 g6 33. Rd3 Rdb8
34. Qc3 d4 35. Qc4 Kg7 36. Rxb3 Rxb3 37. Qxd4+ f6 38. Re7+ Kh6 39. Bc3 Rxc3 40.
Qxc3 Qd5+ 41. Kf2 Qf5+ 42. Ke2 Qg4+ 43. Qf3 Qc4+ 44. Qd3 Rb2+ 45. Ke3 Qc1+ 46.
Kf3 Qh1+ 47. Kf4 Qc1+ 48. Qe3 Qf1+ 49. Qf3 Rf2 50. Re3 Rxf3+ 51. Rxf3 Qc1+ 52.
Ke4 Kxh7 53. g4 Qc6+ 54. Ke3 Kg7 55. Kf2 Qc2+ 56. Kg3 f5 57. gxf5 gxf5 58. Kf4
Qe4+ 59. Kg3 Kf6 60. Kf2 Qc2+ 61. Kg3 Kg5 62. a4 Qc7+ 63. Kg2 f4 64. Kh2 Kg4 65.
Rf2 f3+ 66. Kg1 Kg3 0-1

[Event "European Blitz 2017"]
[Site "Katowice POL"]
[Date "2017.12.15"]
[Round "15.71"]
[White "Qorri, Fatmir"]
[Black "Gazik, Viktor"]
[Result "0-1"]
[BlackTitle "IM"]
[WhiteElo "2032"]
[BlackElo "2479"]
[WhiteFideId "4702107"]
[BlackFideId "14928752"]
[EventDate "2017.12.15"]
[EventType "blitz"]

1. d4 Nf6 2. c4 Nc6 3. Nc3 e5 4. d5 Ne7 5. e4 Ng6 6. Nf3 Bb4 7. Bg5 h6 8. Bxf6
Qxf6 9. Qc2 O-O 10. a3 Bxc3+ 11. Qxc3 d6 12. h3 b6 13. g3 a5 14. Bg2 a4 15. O-O
Bd7 16. Ne1 Qe7 17. Nc2 f5 18. exf5 Bxf5 19. Ne3 Qg5 20. h4 Qf6 21. Nxf5 Qxf5
22. Rae1 Qg4 23. Re4 Qd7 24. Kh2 Rf6 25. Bh3 Qe7 26. f4 Qf8 27. f5 Ne7 28. g4 g6
29. Qg3 gxf5 30. gxf5+ Kh7 31. Qg4 Qf7 32. Re2 b5 33. cxb5 Nxd5 34. Bg2 Rg8 35.
Qc4 Nf4 36. Rxf4 exf4 37. Qxf4 Kh8 38. Bh3 Qd5 39. Rf2 Qxb5 40. Qd4 Qe5+ 41.
Qxe5 dxe5 42. Re2 Re8 43. Kg3 Kg7 44. Kf3 Rb6 45. Kg4 Kf6 46. Bg2 Rb3 47. Bc6
Re7 48. Bxa4 Rd3 49. Re4 Rd4 50. Kf3 0-1

[Event "European Blitz 2017"]
[Site "Katowice POL"]
[Date "2017.12.15"]
[Round "15.72"]
[White "Wieczorek, Oskar"]
[Black "Karpus, Michal"]
[Result "1-0"]
[WhiteTitle "IM"]
[BlackTitle "FM"]
[WhiteElo "2463"]
[BlackElo "2328"]
[WhiteFideId "1133950"]
[BlackFideId "1174088"]
[EventDate "2017.12.15"]
[EventType "blitz"]

1. Nc3 Nf6 2. d4 d5 3. Bf4 g6 4. Qd2 Bg7 5. O-O-O O-O 6. Bh6 Bf5 7. f3 Na6 8. g4
Be6 9. h4 c5 10. Bxg7 Kxg7 11. h5 cxd4 12. Qxd4 Qb6 13. h6+ Kg8 14. Qxb6 axb6
15. e3 Nc7 16. a3 Rfd8 17. Nge2 Nfe8 18. Nf4 Rac8 19. Be2 g5 20. Nh3 f6 21. f4
gxf4 22. Nxf4 Bf7 23. g5 e5 24. Nd3 d4 25. exd4 exd4 26. Ne4 Nd5 27. gxf6 Nexf6
28. Rhg1+ Bg6 29. Nxf6+ Nxf6 30. Rdf1 Nd5 31. Kd2 Ne3 32. Rc1 Nc4+ 33. Kd1 Ne3+
34. Kd2 Nc4+ 35. Ke1 Re8 36. Nf4 Nxb2 37. Nxg6 hxg6 38. Kd2 Kh7 39. Rb1 Nc4+ 40.
Bxc4 Rxc4 41. Rxb6 Re7 42. Rbxg6 Rc3 43. a4 Rc4 44. a5 Rc5 45. Rg7+ Rxg7 46.
hxg7 Kg8 47. Kd3 Rxa5 48. Kxd4 Rf5 49. c4 Rh5 50. c5 Rh6 51. Kd5 Rc6 52. Rb1 Rc7
53. Rg1 Rd7+ 54. Kc4 Rc7 55. Kb5 Re7 56. Kb6 Rf7 57. Rg4 Re7 58. Rg2 Rd7 59. Ra2
Kxg7 60. Ra7 Kf6 61. Rxb7 Rd1 62. c6 Rc1 63. Rd7 Ke6 64. Rd2 Rb1+ 65. Kc7 Rc1
66. Kb7 Rb1+ 67. Kc8 Rc1 68. c7 Rb1 69. Kd8 Rh1 70. c8=Q+ 1-0

[Event "European Blitz 2017"]
[Site "Katowice POL"]
[Date "2017.12.15"]
[Round "15.73"]
[White "Varvadoukas, Theodoros"]
[Black "Ustianovich, Nazar"]
[Result "0-1"]
[BlackTitle "FM"]
[WhiteElo "2178"]
[BlackElo "2366"]
[WhiteFideId "4210735"]
[BlackFideId "14109778"]
[EventDate "2017.12.15"]
[EventType "blitz"]

1. d4 d5 2. Bf4 Nf6 3. e3 Nbd7 4. Be2 g6 5. h4 h6 6. Nf3 Bg7 7. c4 O-O 8. Qc2 c5
9. h5 Nxh5 10. Rxh5 gxh5 11. cxd5 cxd4 12. Nxd4 Nb6 13. d6 e5 14. Bg3 exd4 15.
exd4 Bxd4 16. Nc3 h4 17. Bf4 Qf6 18. Qd2 Re8 19. g3 hxg3 20. Bxg3 Bg4 21. d7
Nxd7 22. Nd5 Qg5 23. Qxd4 Bxe2 24. Bf4 Bf3+ 25. Ne3 Qa5+ 26. b4 Qd5 27. Qb2 Re6
28. Kf1 Qh5 29. Ke1 Rd8 30. Qd4 Qh4 31. Bc7 Qxd4 0-1

[Event "European Blitz 2017"]
[Site "Katowice POL"]
[Date "2017.12.15"]
[Round "15.74"]
[White "Schulz, Karsten"]
[Black "Tymrakiewicz, Rafal"]
[Result "1/2-1/2"]
[WhiteTitle "FM"]
[BlackTitle "FM"]
[WhiteElo "2293"]
[BlackElo "2272"]
[WhiteFideId "4611446"]
[BlackFideId "1108832"]
[EventDate "2017.12.15"]
[EventType "blitz"]

1. Nf3 d5 2. g3 Nf6 3. Bg2 Bf5 4. d3 h6 5. O-O Nbd7 6. c4 e6 7. Nc3 c6 8. cxd5
exd5 9. e4 dxe4 10. dxe4 Be6 11. Nd4 Bg4 12. f3 Bh5 13. Be3 Bc5 14. Qe2 O-O 15.
Rfd1 Re8 16. Qf2 Bg6 17. Rac1 Qe7 18. Na4 Bd6 19. Nc3 Rad8 20. Rd2 Ne5 21. b3
Bc7 22. Rcd1 Ba5 23. Nde2 Rxd2 24. Rxd2 Rd8 25. Qe1 Bb6 26. Nf4 Bh7 27. Bxb6
axb6 28. Rxd8+ Qxd8 29. Qd1 Qxd1+ 30. Nxd1 g5 31. Ne2 Nd3 32. Nf2 Ne1 33. Kf1
Nc2 34. Nd1 Nd7 35. Nec3 Ne5 36. Ke2 f6 37. Ne3 Nd4+ 38. Kf2 Bg6 39. Ne2 Nd3+
40. Kf1 Nxe2 41. Kxe2 Nc1+ 42. Kd2 Nxa2 43. Nc4 Bf7 44. Nd6 Bxb3 45. Nxb7 c5 46.
Nd6 c4 47. Nb5 Ba4 48. Nc3 Bb3 49. Nxa2 Bxa2 50. Kc3 Kf7 51. Bf1 Ke7 52. Bxc4
Bxc4 53. Kxc4 Kd6 54. f4 gxf4 55. gxf4 Kc6 56. h4 h5 57. Kb4 Kb7 58. Kb5 Kc7 59.
e5 fxe5 60. fxe5 Kd7 61. Kxb6 Ke6 62. Kc5 Kxe5 63. Kc4 Kf4 64. Kd3 Kg4 65. Ke2
Kxh4 66. Kf1 Kg3 67. Kg1 h4 68. Kh1 h3 69. Kg1 h2+ 70. Kh1 Kh3 1/2-1/2

[Event "European Blitz 2017"]
[Site "Katowice POL"]
[Date "2017.12.15"]
[Round "15.75"]
[White "Sakalauskas, Vaidas"]
[Black "Mucha, Piotr"]
[Result "1-0"]
[WhiteTitle "IM"]
[WhiteElo "2351"]
[BlackElo "2165"]
[WhiteFideId "12800457"]
[BlackFideId "1164163"]
[EventDate "2017.12.15"]
[EventType "blitz"]

1. d4 d5 2. c4 c6 3. Nc3 Nf6 4. e3 Bf5 5. cxd5 cxd5 6. Qb3 Nc6 7. Qxb7 Bd7 8.
Qb3 Rb8 9. Qd1 e5 10. dxe5 Nxe5 11. Be2 Bd6 12. Nf3 O-O 13. O-O Qe7 14. Nd4 Rfc8
15. h3 Nc4 16. Bxc4 dxc4 17. Qf3 Qe5 18. Qf4 Qxf4 19. exf4 Bc5 20. Nf3 Bf5 21.
Ne5 Bb6 22. Rd1 Ne4 23. Nxe4 Bxe4 24. Bd2 Bd4 25. Bc3 Bxc3 26. bxc3 f6 27. Rd4
Bf5 28. Nxc4 Be6 29. Ne3 Rxc3 30. f5 Bf7 31. Rd7 a5 32. Rad1 Bxa2 33. Ra7 Bf7
34. Rdd7 Rf8 35. Rxa5 Rc5 36. Rxc5 1-0

[Event "European Blitz 2017"]
[Site "Katowice POL"]
[Date "2017.12.15"]
[Round "15.76"]
[White "Pavlidou, Ekaterini"]
[Black "Sergeev, Vladimir"]
[Result "0-1"]
[WhiteTitle "WIM"]
[BlackTitle "GM"]
[WhiteElo "2196"]
[BlackElo "2406"]
[WhiteFideId "4213262"]
[BlackFideId "14101076"]
[EventDate "2017.12.15"]
[EventType "blitz"]

1. c4 Nf6 2. Nc3 g6 3. g3 Bg7 4. Bg2 O-O 5. d4 c5 6. d5 d6 7. Nf3 Na6 8. O-O Nc7
9. Re1 b5 10. cxb5 Rb8 11. a4 a6 12. bxa6 Bxa6 13. e4 Ng4 14. h3 Ne5 15. Nxe5
Bxe5 16. Qc2 Qc8 17. Kh2 Qb7 18. f4 Bd4 19. Bf1 Bxf1 20. Rxf1 Qb3 21. Qe2 Rfe8
22. Ra3 Qb7 23. Ra2 Ra8 24. Be3 Bg7 25. Rfa1 Qa6 26. Qxa6 Nxa6 27. Nb5 Reb8 28.
Bd2 Nb4 29. Bxb4 cxb4 30. e5 dxe5 31. b3 exf4 32. Nc7 fxg3+ 33. Kg2 Bxa1 34.
Rxa1 Ra7 35. d6 exd6 36. Nd5 Kg7 37. Rc1 Re8 38. Kxg3 Re5 39. Nxb4 Re3+ 40. Kg2
Rxb3 41. Nd5 Rxa4 42. Rc2 Rba3 43. Nc3 Rc4 0-1

[Event "European Blitz 2017"]
[Site "Katowice POL"]
[Date "2017.12.15"]
[Round "15.77"]
[White "Smieszek, Wojciech"]
[Black "Sadzikowski, Daniel"]
[Result "0-1"]
[BlackTitle "GM"]
[WhiteElo "2185"]
[BlackElo "2584"]
[WhiteFideId "1156047"]
[BlackFideId "1132253"]
[EventDate "2017.12.15"]
[EventType "blitz"]

1. e4 c5 2. Nf3 d6 3. d4 cxd4 4. Nxd4 Nf6 5. Nc3 a6 6. Nb3 Nbd7 7. Be2 e6 8. g4
h6 9. h4 b5 10. f3 Bb7 11. a3 d5 12. exd5 Nxd5 13. Nxd5 Bxd5 14. Be3 Be7 15. Bf2
Ne5 16. Bg3 Nc4 17. Bxc4 Bxc4 18. Qxd8+ Rxd8 19. Rd1 O-O 20. Kf2 Bf6 21. Nd2
Bd4+ 22. Kg2 Bxb2 23. Nxc4 bxc4 24. a4 Ba3 25. Kf2 f6 26. Ke2 Kf7 27. Bc7 Rd5
28. Rxd5 exd5 29. Ke3 Bc5+ 30. Kd2 Re8 31. Re1 Bb4+ 0-1

[Event "European Blitz 2017"]
[Site "Katowice POL"]
[Date "2017.12.15"]
[Round "15.78"]
[White "Krainski, Aleksander"]
[Black "Horton, Andrew P"]
[Result "0-1"]
[WhiteTitle "FM"]
[BlackTitle "FM"]
[WhiteElo "2203"]
[BlackElo "2397"]
[WhiteFideId "1102400"]
[BlackFideId "424269"]
[EventDate "2017.12.15"]
[EventType "blitz"]

1. e4 e5 2. Nf3 Nc6 3. Bc4 Bc5 4. d3 Nf6 5. Nc3 h6 6. O-O d6 7. Nd5 O-O 8. c3 a6
9. b4 Ba7 10. h3 Be6 11. a4 Bxd5 12. exd5 Ne7 13. Qb3 Ng6 14. Be3 Nh5 15. Bxa7
Rxa7 16. b5 Nhf4 17. bxa6 bxa6 18. Qc2 Qf6 19. Qd1 a5 20. Kh2 Ne7 21. Qb3 g5 22.
Nd2 Qg6 23. d4 e4 24. g3 Nh5 25. Qc2 f5 26. Rab1 Nf6 27. Rb5 Kh8 28. Nb3 f4 29.
Nd2 Qf5 30. g4 Qg6 31. f3 e3 32. Qxg6 Nxg6 33. Nb3 Rfa8 34. Bd3 Ne7 35. c4 Nd7
36. Rd1 Nb6 37. Be4 Nxa4 38. Rc1 Kg7 39. c5 Kf6 40. cxd6 cxd6 41. Ra1 Nc3 42.
Rbxa5 Rxa5 0-1

[Event "European Blitz 2017"]
[Site "Katowice POL"]
[Date "2017.12.15"]
[Round "15.79"]
[White "Walach, Marcin"]
[Black "Kumala, Aleksander"]
[Result "1-0"]
[WhiteTitle "FM"]
[WhiteElo "2319"]
[BlackElo "2220"]
[WhiteFideId "1107682"]
[BlackFideId "1141880"]
[EventDate "2017.12.15"]
[EventType "blitz"]

1. e4 e5 2. Nf3 Nc6 3. Bc4 Nf6 4. Ng5 Bc5 5. Bxf7+ Ke7 6. Bb3 Qe8 7. d3 d6 8. h3
h6 9. Nf3 Rf8 10. Nc3 Qh5 11. Be3 Bxe3 12. fxe3 g5 13. Rf1 g4 14. hxg4 Nxg4 15.
Nd5+ Kd8 16. Qd2 Ne7 17. Nxe7 Kxe7 18. O-O-O Be6 19. Bxe6 Kxe6 20. Rde1 Rf7 21.
Qb4 c6 22. Qb3+ d5 23. exd5+ Kd6 24. dxc6 bxc6 25. d4 e4 26. Ne5 Rxf1 27. Nc4+
Ke7 28. Rxf1 Nf6 29. Qb4+ Kf7 30. Ne5+ Kg7 31. Qe7+ Kg8 32. Qxf6 Qe2 33. Qf7+
Kh8 34. Ng6# 1-0

[Event "European Blitz 2017"]
[Site "Katowice POL"]
[Date "2017.12.15"]
[Round "15.80"]
[White "Michalski, Filip"]
[Black "Kastelic, Marian"]
[Result "1-0"]
[BlackTitle "FM"]
[WhiteElo "2089"]
[BlackElo "2255"]
[WhiteFideId "1151371"]
[BlackFideId "14602245"]
[EventDate "2017.12.15"]
[EventType "blitz"]

1. d4 e6 2. c4 f5 3. Nf3 Nf6 4. Bf4 Bb4+ 5. Nbd2 d6 6. e3 Nbd7 7. h3 b6 8. Be2
O-O 9. O-O Bxd2 10. Nxd2 Bb7 11. Bf3 Ne4 12. Nxe4 Bxe4 13. Bxe4 fxe4 14. Qc2 Nf6
15. c5 bxc5 16. dxc5 d5 17. c6 Rb8 18. Rab1 Rb6 19. Rfc1 Qe7 20. Qa4 a6 21. Qd4
Rfb8 22. b3 Ne8 23. Rc3 Nd6 24. a4 Nf7 25. Bg3 Rb4 26. Qa7 e5 27. Qxa6 d4 28.
Rc4 d3 29. Rxb4 Qxb4 30. Qa7 d2 31. Kh2 Rd8 32. Qxc7 d1=Q 33. Rxd1 Rxd1 34. Qc8+
Rd8 35. Qxd8+ Nxd8 36. c7 Qd6 37. c8=Q Kf7 38. Qf5+ Kg8 39. Qxe5 Qc6 40. Qe7 Ne6
41. Qb4 h5 42. Qc4 Qb6 43. Qxe4 Qxb3 44. a5 Nc5 45. Qe5 Nd3 46. Qe8+ Kh7 47.
Qxh5+ Kg8 48. a6 Qa2 49. Qe8+ Kh7 50. Qe4+ 1-0